000 00628nam a22002057a 4500
005 20251108164126.0
008 250721s9999 xx 000 0 ara d
082 1 4 _a031.02/عمر
100 1 _aيوسف، عمرو
245 1 0 _aبنك المعلومات :
_b707 معلومة /
264 1 _aالاسكندرية :
_bالمركز العربي للنشر و التوزيع،
_c[19-].
300 _a221ص
650 1 7 _aالثقافة
650 1 7 _aالعلوم
650 1 7 _aالموسوعات
650 1 7 _aالأسئلة و الأجوبة
700 1 _aالسعداوي، حمدي
942 _2ddc
_cBK
999 _c4272
_d4272